000 00553nam a2200181Ia 4500
008 151018s9999 xx 000 0 und d
082 _bRBASDV38336
_a920
100 _aशिरीष कणेकर
245 _aगोतावळा
250 _b2
260 _bमॅजेस्टीक प्रकाशन मुंबई
_c2004
300 _a159
600 _aशिरीष कणेकर
630 _aगोतावळा
700 _aशिरीष कणेकर
730 _aगोतावळा
942 _cBOOK
999 _c1037741
_d1037738